[Event "Olimpiada de Khanty-Mansiysk 2010"]
[Site "Khanty-Mansiysk RUS"]
[Date "2010.09.27"]
[Round "6"]
[White "Esen, Baris"]
[Black "Gator, Mosab"]
[Result "1-0"]
[WhiteElo "2538"]
[BlackElo "2107"]
[PlyCount "69"]
[EventDate "2010.09.21"]
[EventType "team"]
[EventRounds "11"]
[EventCountry "RUS"]
[Source "lmi"]
[SourceDate "2010.09.21"]
[WhiteTeam "Turquía"]
[BlackTeam "Libia"]
[WhiteTeamCountry "TUR"]
[BlackTeamCountry "LBY"]

1. d4 d5 2. c4 e6 3. Nf3 Nf6 4. Nc3 Bb4 5. Bg5 h6 6. Bxf6 Qxf6 7. Qa4+ Nc6 8.
e3 O-O 9. cxd5 exd5 10. Be2 a6 11. O-O Be6 12. Rfc1 Qe7 13. Qb3 Rfd8 14. Na4
Na5 15. Qc2 Bd6 16. Nc5 Bc8 17. b4 Nc6 18. a3 Nb8 19. Bd3 b6 20. Nb3 Bg4 21.
Ne5 Bd7 22. f4 Ba4 23. Rab1 a5 24. b5 Ra7 25. Rf1 Rf8 26. Rf3 Qe8 27. Qe2 c5
28. bxc6 Nxc6 29. Rg3 f5 30. Nd2 Bxe5 31. fxe5 Qd8 32. Qh5 Raf7 33. Qxh6 Re7
34. Nf3 b5 35. Qxc6 1-0

[Event "Olimpiada de Khanty-Mansiysk 2010"]
[Site "Khanty-Mansiysk RUS"]
[Date "2010.09.27"]
[Round "6"]
[White "Elbaruni, Mohamed"]
[Black "Haznedaroglu, Kivanc"]
[Result "1-0"]
[WhiteElo "2053"]
[BlackElo "2483"]
[PlyCount "75"]
[EventDate "2010.09.21"]
[EventType "team"]
[EventRounds "11"]
[EventCountry "RUS"]
[Source "lmi"]
[SourceDate "2010.09.21"]
[WhiteTeam "Libia"]
[BlackTeam "Turquía"]
[WhiteTeamCountry "LBY"]
[BlackTeamCountry "TUR"]

1. d4 d5 2. c4 c6 3. cxd5 cxd5 4. Nc3 Nf6 5. Nf3 g6 6. Bg5 Bg7 7. Qb3 e6 8. e3
O-O 9. Be2 Nbd7 10. O-O h6 11. Bh4 g5 12. Bg3 Nh5 13. Be5 g4 14. Nd2 Nxe5 15.
dxe5 Qg5 16. Qb4 Bxe5 17. Qxg4 Qxg4 18. Bxg4 Nf6 19. Bf3 Bd7 20. Nb3 b5 21. Nd4
b4 22. Nce2 Bd6 23. Ng3 Rfc8 24. Rfc1 Bf8 25. Be2 e5 26. Nf3 Bd6 27. Ba6 Rcb8
28. Nh4 Rb6 29. Be2 Be6 30. Nhf5 Bf8 31. Bd3 a5 32. f3 a4 33. Kf2 Rbb8 34. Ke1
Nd7 35. Kd2 Nb6 36. b3 axb3 37. axb3 Ra3 38. Bc2 1-0

[Event "Olimpiada de Khanty-Mansiysk 2010"]
[Site "Khanty-Mansiysk RUS"]
[Date "2010.09.27"]
[Round "6"]
[White "Juarez, Flores Carlos A"]
[Black "Michiels, Bart"]
[Result "0-1"]
[WhiteElo "2366"]
[BlackElo "2459"]
[PlyCount "72"]
[EventDate "2010.09.21"]
[EventType "team"]
[EventRounds "11"]
[EventCountry "RUS"]
[Source "lmi"]
[SourceDate "2010.09.21"]
[WhiteTeam "Guatemala"]
[BlackTeam "Bélgica"]
[WhiteTeamCountry "GUA"]
[BlackTeamCountry "BEL"]

1. d4 d5 2. Nf3 Nf6 3. g3 Bf5 4. Bg2 c6 5. O-O e6 6. c4 Nbd7 7. Nbd2 h6 8. b3
Bd6 9. Bb2 Qb8 10. a3 O-O 11. b4 b5 12. c5 Bc7 13. Nb3 a5 14. Ne5 Nxe5 15. dxe5
Ng4 16. Nd4 Nxe5 17. Qb3 Qe8 18. Nxf5 exf5 19. Bxe5 Bxe5 20. Rab1 axb4 21. axb4
Bf6 22. Qd3 Qe5 23. e3 Ra2 24. Rb3 Rfa8 25. Bh3 g6 26. Bg2 R8a4 27. h4 h5 28.
Bf3 Rb2 29. Rb1 Rxb1+ 30. Rxb1 Qc3 31. Be2 Rxb4 32. Rxb4 Qxb4 33. Qc2 Qb2 34.
Qd1 Qa1 35. Qxa1 Bxa1 36. f4 Bc3 0-1

[Event "Olimpiada de Khanty-Mansiysk 2010"]
[Site "Khanty-Mansiysk RUS"]
[Date "2010.09.27"]
[Round "6"]
[White "Saibulatov, Daniyal"]
[Black "Cu, Hor Winston"]
[Result "1/2-1/2"]
[WhiteElo "2400"]
[BlackElo "2106"]
[PlyCount "66"]
[EventDate "2010.09.21"]
[EventType "team"]
[EventRounds "11"]
[EventCountry "RUS"]
[Source "lmi"]
[SourceDate "2010.09.21"]
[WhiteTeam "Bélgica"]
[BlackTeam "Guatemala"]
[WhiteTeamCountry "BEL"]
[BlackTeamCountry "GUA"]

1. e4 c5 2. Nf3 d6 3. d4 cxd4 4. Nxd4 Nf6 5. Nc3 a6 6. h3 e5 7. Nde2 Be6 8. g4
Nbd7 9. Ng3 h6 10. Bg2 Nb6 11. a4 d5 12. a5 d4 13. Nce2 Nc4 14. O-O Bc5 15. b4
Ba7 16. Kh1 g6 17. Qd3 h5 18. Bg5 hxg4 19. h4 Bb8 20. c3 Nb2 21. Qc2 Nc4 22.
Rad1 Bd6 23. cxd4 Rc8 24. dxe5 Nxe5 25. Qb2 Bc4 26. Rd2 Qe7 27. Rc1 Bb8 28. Nd4
Be6 29. Nxe6 Rxc1+ 30. Qxc1 Qxe6 31. Qc5 Nc6 32. e5 Nd7 33. Bxc6 Qxc6+ 1/2-1/2

[Event "Olimpiada de Khanty-Mansiysk 2010"]
[Site "Khanty-Mansiysk RUS"]
[Date "2010.09.27"]
[Round "6"]
[White "Ortiz, Q Johnny Alexander"]
[Black "Polaczek, Richard"]
[Result "0-1"]
[WhiteElo "2179"]
[BlackElo "2385"]
[PlyCount "80"]
[EventDate "2010.09.21"]
[EventType "team"]
[EventRounds "11"]
[EventCountry "RUS"]
[Source "lmi"]
[SourceDate "2010.09.21"]
[WhiteTeam "Guatemala"]
[BlackTeam "Bélgica"]
[WhiteTeamCountry "GUA"]
[BlackTeamCountry "BEL"]

1. e4 Nf6 2. e5 Nd5 3. d4 d6 4. Nf3 g6 5. Be2 Bg7 6. c4 Nb6 7. exd6 cxd6 8. O-O
O-O 9. Nc3 Nc6 10. h3 Bf5 11. Re1 e5 12. d5 Nd4 13. Nxd4 exd4 14. Nb5 Qf6 15.
g4 Bd7 16. g5 Qd8 17. Nxd4 Re8 18. Qd3 Na4 19. Be3 Nc5 20. Qd1 Rxe3 21. fxe3
Qxg5+ 22. Bg4 f5 23. Ne6 Nxe6 24. dxe6 Bc6 25. Qxd6 fxg4 26. Qf4 Qxf4 27. exf4
Bxb2 28. Rad1 g3 29. h4 Ba3 30. Re5 Kg7 31. h5 Kf6 32. c5 Re8 33. Rd6 Re7 34.
h6 Bc1 35. Rd8 Bxf4 36. Re1 Bxh6 37. Rd6 Bf4 38. Rd8 g5 39. Rf8+ Kg7 40. Rd8 h5
0-1

[Event "Olimpiada de Khanty-Mansiysk 2010"]
[Site "Khanty-Mansiysk RUS"]
[Date "2010.09.27"]
[Round "6"]
[White "Vandenbussche, Thibaut"]
[Black "Juarez, Flores Roberto"]
[Result "1/2-1/2"]
[WhiteElo "2333"]
[BlackElo "2106"]
[PlyCount "153"]
[EventDate "2010.09.21"]
[EventType "team"]
[EventRounds "11"]
[EventCountry "RUS"]
[Source "lmi"]
[SourceDate "2010.09.21"]
[WhiteTeam "Bélgica"]
[BlackTeam "Guatemala"]
[WhiteTeamCountry "BEL"]
[BlackTeamCountry "GUA"]

1. e4 d6 2. d4 Nf6 3. Nc3 g6 4. f4 Bg7 5. Nf3 O-O 6. Bd3 Na6 7. O-O c5 8. d5
Rb8 9. h3 Nc7 10. a4 a6 11. a5 Bd7 12. Re1 Bb5 13. Nxb5 axb5 14. c3 Nd7 15. e5
c4 16. Bc2 Nc5 17. Be3 N7a6 18. e6 fxe6 19. dxe6 Nxe6 20. Bb6 Nec7 21. Ng5 Qd7
22. Nxh7 Kxh7 23. Qh5+ Kg8 24. Bxg6 Rf6 25. Bd4 Rxg6 26. Qxg6 e6 27. Re3 Rf8
28. Rg3 Ne8 29. Re1 Nac7 30. h4 Qf7 31. h5 Qxg6 32. Rxg6 Kh7 33. Bxg7 Nxg7 34.
g3 Rf5 35. Kg2 Rxh5 36. Rf6 Kg8 37. Kf3 Nce8 38. Rg6 Kf7 39. Rg4 Rh2 40. Re2
Rxe2 41. Kxe2 Nf6 42. Rh4 Ne4 43. Rh8 Nc5 44. Rb8 Ne8 45. g4 Nc7 46. g5 N7a6
47. Rd8 Nc7 48. Rxd6 Nd5 49. Rd8 Nxf4+ 50. Kf3 Nfd3 51. Kg4 Kg6 52. Rg8+ Kf7
53. Rb8 Kg7 54. Rc8 Kg6 55. Kh4 Nb3 56. Rg8+ Kf7 57. Ra8 Kg6 58. Ra7 Nxb2 59.
Rxb7 Nxa5 60. Rxb5 Nb3 61. Rb6 Kf5 62. Kh5 Nd3 63. Kh6 Nf4 64. Rb8 Nd2 65. Rf8+
Ke5 66. Rc8 Ke4 67. Rd8 Nf3 68. g6 Nh4 69. Rd4+ Ke5 70. g7 Nf5+ 71. Kh7 Nh5 72.
Rxc4 Nhxg7 73. Kg6 Ne8 74. Ra4 Nc7 75. c4 Kd6 76. Ra7 Ne3 77. Kf6 1/2-1/2

[Event "Olimpiada de Khanty-Mansiysk 2010"]
[Site "Khanty-Mansiysk RUS"]
[Date "2010.09.27"]
[Round "6"]
[White "Tsang, Hon Ki"]
[Black "Iordachescu, Viorel"]
[Result "0-1"]
[WhiteElo "2085"]
[BlackElo "2632"]
[PlyCount "66"]
[EventDate "2010.09.21"]
[EventType "team"]
[EventRounds "11"]
[EventCountry "RUS"]
[Source "lmi"]
[SourceDate "2010.09.21"]
[WhiteTeam "Hong Kong"]
[BlackTeam "Moldavia"]
[WhiteTeamCountry "HKG"]
[BlackTeamCountry "MDA"]

1. Nf3 g6 2. e4 Bg7 3. d4 d6 4. g3 Nf6 5. Nbd2 O-O 6. Bg2 c5 7. c3 cxd4 8. cxd4
Nc6 9. Qe2 Bg4 10. Qc4 d5 11. exd5 Nxd5 12. Ne5 Nxe5 13. dxe5 Be6 14. Qe4 Qc7
15. f4 Rfd8 16. Nb3 Bf5 17. Qd4 Nb6 18. Qc5 Qd7 19. O-O Rac8 20. Qb4 Rc2 21.
Be3 Nd5 22. Qe1 Rxb2 23. Bf2 Bh3 24. Qc1 Bxg2 25. Kxg2 Re2 26. Kf3 Nb4 27. Nc5
Qb5 28. a4 Rxf2+ 29. Rxf2 Qc6+ 30. Ke2 b6 31. Nb3 Qe4+ 32. Qe3 Qc4+ 33. Ke1
Nd3+ 0-1

[Event "Olimpiada de Khanty-Mansiysk 2010"]
[Site "Khanty-Mansiysk RUS"]
[Date "2010.09.27"]
[Round "6"]
[White "Hamitevici, Vladimir"]
[Black "Lee, T H Bryan"]
[Result "1-0"]
[WhiteElo "2415"]
[BlackElo "1935"]
[PlyCount "105"]
[EventDate "2010.09.21"]
[EventType "team"]
[EventRounds "11"]
[EventCountry "RUS"]
[Source "lmi"]
[SourceDate "2010.09.21"]
[WhiteTeam "Moldavia"]
[BlackTeam "Hong Kong"]
[WhiteTeamCountry "MDA"]
[BlackTeamCountry "HKG"]

1. d4 Nf6 2. c4 g6 3. g3 Bg7 4. Bg2 d6 5. Nf3 O-O 6. Nc3 Nc6 7. O-O Bg4 8. h3
Bxf3 9. Bxf3 Nd7 10. e3 e5 11. dxe5 Ndxe5 12. Be2 Re8 13. Rb1 Qc8 14. Kh2 Ne7
15. Qc2 a6 16. Nd5 Nxd5 17. cxd5 c6 18. dxc6 Qxc6 19. Qxc6 Nxc6 20. Bf3 Rab8
21. Rd1 Red8 22. Bg2 Rd7 23. b4 Na7 24. Bb2 Nb5 25. Rd3 Na7 26. a4 b5 27. a5
Bxb2 28. Rxb2 Kf8 29. Rc2 Ke7 30. Rdc3 h5 31. g4 hxg4 32. hxg4 f6 33. Be4 Kf7
34. Rc7 Rbd8 35. Bb7 Ke6 36. Bxa6 Rxc7 37. Rxc7 Rd7 38. Rb7 Rxb7 39. Bxb7 Kd7
40. g5 f5 41. Kg3 Ke6 42. e4 Ke5 43. f4+ Ke6 44. Kf3 Ke7 45. exf5 gxf5 46. Ke3
Kf7 47. Kd4 Ke6 48. a6 Ke7 49. Kd5 Kd7 50. g6 Ke7 51. g7 Kf7 52. Kxd6 Kxg7 53.
Kd5 1-0

[Event "Olimpiada de Khanty-Mansiysk 2010"]
[Site "Khanty-Mansiysk RUS"]
[Date "2010.09.27"]
[Round "6"]
[White "Kuan, Julian"]
[Black "Svetushkin, Dmitry"]
[Result "0-1"]
[WhiteElo "1760"]
[BlackElo "2552"]
[PlyCount "56"]
[EventDate "2010.09.21"]
[EventType "team"]
[EventRounds "11"]
[EventCountry "RUS"]
[Source "lmi"]
[SourceDate "2010.09.21"]
[WhiteTeam "Hong Kong"]
[BlackTeam "Moldavia"]
[WhiteTeamCountry "HKG"]
[BlackTeamCountry "MDA"]

1. e4 c6 2. d4 d5 3. Nc3 dxe4 4. Nxe4 Bf5 5. Ng3 Bg6 6. N1e2 e6 7. Nf4 Qh4 8.
Nxg6 hxg6 9. Be3 Be7 10. Qd2 Nh6 11. Be2 Nd7 12. O-O-O Nf5 13. Nxf5 gxf5 14. g3
Qh3 15. Bf1 Qh7 16. Bg2 Nb6 17. Qe2 O-O-O 18. c4 Rde8 19. f4 Bf6 20. Qc2 Re7
21. b3 Qg8 22. h4 Rd7 23. Qf2 Qf8 24. Rd2 Qb4 25. Rhd1 Rhd8 26. Rd3 Bxd4 27.
Rxd4 Rxd4 28. Rxd4 Qc3+ 0-1

[Event "Olimpiada de Khanty-Mansiysk 2010"]
[Site "Khanty-Mansiysk RUS"]
[Date "2010.09.27"]
[Round "6"]
[White "Sanduleac, Vasile"]
[Black "Chan, Kwai Keong"]
[Result "1-0"]
[WhiteElo "2446"]
[BlackElo "1844"]
[PlyCount "111"]
[EventDate "2010.09.21"]
[EventType "team"]
[EventRounds "11"]
[EventCountry "RUS"]
[Source "lmi"]
[SourceDate "2010.09.21"]
[WhiteTeam "Moldavia"]
[BlackTeam "Hong Kong"]
[WhiteTeamCountry "MDA"]
[BlackTeamCountry "HKG"]

1. e4 c6 2. d4 d5 3. Nd2 dxe4 4. Nxe4 Bf5 5. Ng3 Bg6 6. Bc4 Nf6 7. N1e2 Nbd7 8.
c3 e5 9. h4 h6 10. h5 Bh7 11. Qb3 Nd5 12. Bxd5 cxd5 13. Qxb7 exd4 14. Nxd4 Nb6
15. O-O Qd7 16. Re1+ Be7 17. Qxd7+ Kxd7 18. Bf4 Rhe8 19. Nf3 f6 20. Nd4 Bf8 21.
Red1 Rac8 22. Nb3 Ke7 23. Be3 Red8 24. Ne2 Nc4 25. Nf4 Kf7 26. Bxa7 Nxb2 27.
Rxd5 Bd6 28. Bb6 Bc7 29. Bxc7 Rxd5 30. Nxd5 Be4 31. c4 Bxd5 32. cxd5 Rxc7 33.
a4 Ke7 34. Nd4 Kd7 35. a5 Ra7 36. a6 Nc4 37. Nf5 Nd6 38. Nxd6 Kxd6 39. Ra5 Kc7
40. Kh2 Kb6 41. Ra1 Kc5 42. Kg3 Kxd5 43. Kf4 Ke6 44. g4 Ke7 45. Ke4 Ke6 46. Ra2
Kd6 47. Kf5 Ke7 48. Kg6 Ke6 49. Re2+ Kd5 50. f3 Kd6 51. Re3 Kd5 52. Re8 Kd6 53.
Rf8 Ke6 54. f4 Kd5 55. Rf7 Rxa6 56. Kxg7 1-0

[Event "Olimpiada de Khanty-Mansiysk 2010"]
[Site "Khanty-Mansiysk RUS"]
[Date "2010.09.27"]
[Round "6"]
[White "Galego, Luis"]
[Black "Munoz, Lisandro"]
[Result "1/2-1/2"]
[WhiteElo "2500"]
[BlackElo "2391"]
[PlyCount "88"]
[EventDate "2010.09.21"]
[EventType "team"]
[EventRounds "11"]
[EventCountry "RUS"]
[Source "lmi"]
[SourceDate "2010.09.21"]
[WhiteTeam "Portugal"]
[BlackTeam "República Dominicana"]
[WhiteTeamCountry "POR"]
[BlackTeamCountry "DOM"]

1. c4 c5 2. Nc3 Nc6 3. g3 g6 4. Bg2 Bg7 5. e3 e5 6. Nge2 Nge7 7. O-O O-O 8. a3
d6 9. d3 Be6 10. Nd5 Rb8 11. Nec3 a6 12. Rb1 b5 13. cxb5 axb5 14. b4 Nxd5 15.
Nxd5 Ne7 16. Qb3 Kh8 17. Bb2 Qd7 18. Rbc1 Rfc8 19. Rfe1 Rc7 20. e4 Rbc8 21. Qd1
Bxd5 22. exd5 cxb4 23. axb4 Rxc1 24. Bxc1 Qc7 25. d4 exd4 26. Qe2 Bf6 27. Bd2
Qd7 28. g4 g5 29. h4 h6 30. hxg5 hxg5 31. Be4 Kg7 32. Bd3 Rh8 33. Bxb5 Qb7 34.
Bd3 Qxd5 35. Qe4 Qa2 36. Qe2 Nc6 37. Bc4 Qb2 38. Bxf7 Kxf7 39. Qe6+ Kg7 40.
Qd7+ Kg6 41. Qf5+ Kg7 42. Qd7+ Kg6 43. Qf5+ Kg7 44. Qd7+ Kg6 1/2-1/2

[Event "Olimpiada de Khanty-Mansiysk 2010"]
[Site "Khanty-Mansiysk RUS"]
[Date "2010.09.27"]
[Round "6"]
[White "Fernandes, Antonio"]
[Black "Infante, Miguel"]
[Result "1-0"]
[WhiteElo "2422"]
[BlackElo "2276"]
[PlyCount "61"]
[EventDate "2010.09.21"]
[EventType "team"]
[EventRounds "11"]
[EventCountry "RUS"]
[Source "lmi"]
[SourceDate "2010.09.21"]
[WhiteTeam "Portugal"]
[BlackTeam "República Dominicana"]
[WhiteTeamCountry "POR"]
[BlackTeamCountry "DOM"]

1. d4 Nf6 2. Bg5 e6 3. Nf3 c5 4. c3 Be7 5. Nbd2 d5 6. e3 O-O 7. Bd3 Nbd7 8. O-O
b6 9. Ne5 Bb7 10. f4 Ne4 11. Bxe7 Qxe7 12. Nxd7 Qxd7 13. Rf3 f5 14. Rh3 Nxd2
15. Qxd2 a5 16. g4 Ba6 17. Bc2 Rad8 18. a4 Qc6 19. Kh1 Rd7 20. Rg1 b5 21. Qe1
g6 22. Rhg3 bxa4 23. h4 cxd4 24. exd4 fxg4 25. Rxg4 Rg7 26. h5 Qd6 27. Qe3 Rf6
28. hxg6 hxg6 29. Bxg6 Kf8 30. Qh3 Rg8 31. Qh6+ 1-0

[Event "Olimpiada de Khanty-Mansiysk 2010"]
[Site "Khanty-Mansiysk RUS"]
[Date "2010.09.27"]
[Round "6"]
[White "Mazara, Adan"]
[Black "Rocha, Sergio"]
[Result "1/2-1/2"]
[WhiteElo "2262"]
[BlackElo "2438"]
[PlyCount "114"]
[EventDate "2010.09.21"]
[EventType "team"]
[EventRounds "11"]
[EventCountry "RUS"]
[Source "lmi"]
[SourceDate "2010.09.21"]
[WhiteTeam "República Dominicana"]
[BlackTeam "Portugal"]
[WhiteTeamCountry "DOM"]
[BlackTeamCountry "POR"]

1. d4 Nf6 2. c4 g6 3. Nc3 d5 4. Nf3 Bg7 5. Bg5 c6 6. e3 O-O 7. Bd3 Be6 8. Qb3
dxc4 9. Bxc4 Bxc4 10. Qxc4 Na6 11. O-O Rc8 12. Rfd1 Qa5 13. a3 Nc7 14. b4 Qf5
15. Qc5 Ne6 16. Qxf5 gxf5 17. Bh4 Rfd8 18. Rac1 Kf8 19. Ne2 Ne4 20. Ng3 Nd6 21.
Ng5 Nxg5 22. Bxg5 f6 23. Bf4 e6 24. Bxd6+ Rxd6 25. Rc5 Rcd8 26. Rdc1 Kf7 27. a4
Bf8 28. b5 R6d7 29. R5c4 cxb5 30. axb5 a5 31. bxa6 bxa6 32. Ra4 Ra8 33. Rca1
Rda7 34. d5 a5 35. dxe6+ Kxe6 36. Ne2 Bb4 37. Nd4+ Kd5 38. Nc2 Bc3 39. R1a3 Rc7
40. e4+ fxe4 41. Ne3+ Ke6 42. Rxe4+ Kf7 43. Nd5 Rb8 44. g4 Bb4 45. Rh3 Rc1+ 46.
Kg2 Kg7 47. Rb3 Rc6 48. Nxb4 Rcb6 49. Nc6 Rxb3 50. Nxb8 Rxb8 51. Re7+ Kg6 52.
Ra7 Rb5 53. Kg3 h5 54. Ra6 hxg4 55. Kxg4 Rg5+ 56. Kf4 Rg2 57. f3 Rxh2 1/2-1/2

[Event "Olimpiada de Khanty-Mansiysk 2010"]
[Site "Khanty-Mansiysk RUS"]
[Date "2010.09.27"]
[Round "6"]
[White "Paiva, Donaldo"]
[Black "Patriarca, Luis Carlos"]
[Result "1/2-1/2"]
[WhiteElo "2138"]
[BlackElo "2308"]
[PlyCount "100"]
[EventDate "2010.09.21"]
[EventType "team"]
[EventRounds "11"]
[EventCountry "RUS"]
[Source "lmi"]
[SourceDate "2010.09.21"]
[WhiteTeam "Mozambique"]
[BlackTeam "Paraguay"]
[WhiteTeamCountry "MOZ"]
[BlackTeamCountry "PAR"]

1. d4 Nf6 2. c4 e6 3. Nc3 d5 4. Bg5 Be7 5. e3 h6 6. Bh4 O-O 7. Nf3 b6 8. Bxf6
Bxf6 9. cxd5 exd5 10. Qb3 Be6 11. Be2 c6 12. O-O Re8 13. Rfd1 Bc8 14. Rac1 Bb7
15. Qa4 a5 16. b4 b5 17. Qb3 axb4 18. Qxb4 Be7 19. Qb1 Ba3 20. Rc2 Nd7 21. Bd3
Qb8 22. Ne2 Bd6 23. Ng3 Ra3 24. Rcc1 Qa8 25. Rd2 Qa5 26. Bc2 Nf6 27. Re2 b4 28.
Bb3 Ba6 29. Rb2 Bb5 30. Qf5 Qc7 31. Nh5 Nxh5 32. Qxh5 Qe7 33. Ne1 Ra7 34. Qd1
Qh4 35. g3 Qe7 36. Nd3 g6 37. Nc5 h5 38. h4 Kg7 39. Kg2 Rh8 40. Qf3 Rha8 41.
Rbc2 f5 42. Rd2 Kh7 43. Kg1 Qe8 44. Nd3 Qe4 45. Qxe4 fxe4 46. Nf4 Re7 47. Kg2
Kg7 48. Nh3 Rf8 49. Nf4 Ra8 50. Rdc2 Ra6 1/2-1/2

[Event "Olimpiada de Khanty-Mansiysk 2010"]
[Site "Khanty-Mansiysk RUS"]
[Date "2010.09.27"]
[Round "6"]
[White "Latorre, Manuel"]
[Black "Cossa, Pedro Ventura"]
[Result "1-0"]
[WhiteElo "2284"]
[BlackElo "2010"]
[PlyCount "65"]
[EventDate "2010.09.21"]
[EventType "team"]
[EventRounds "11"]
[EventCountry "RUS"]
[Source "lmi"]
[SourceDate "2010.09.21"]
[WhiteTeam "Paraguay"]
[BlackTeam "Mozambique"]
[WhiteTeamCountry "PAR"]
[BlackTeamCountry "MOZ"]

1. d4 Nf6 2. c4 e6 3. Nf3 Bb4+ 4. Nbd2 b6 5. e3 Bb7 6. Bd3 Bxd2+ 7. Bxd2 Ne4 8.
O-O O-O 9. Be1 f5 10. Nd2 Qg5 11. f4 Qg6 12. Rf3 d5 13. Nxe4 dxe4 14. Rg3 Qf7
15. Be2 Nd7 16. Bb4 Rfd8 17. Bh5 g6 18. Be2 c5 19. Bc3 cxd4 20. Qxd4 e5 21.
fxe5 Qe6 22. Qd6 Qxd6 23. exd6 Nc5 24. Rd1 Rd7 25. h4 Na4 26. Be5 Re8 27. Bf4
Nxb2 28. Rd4 Rc8 29. h5 Kf7 30. Rh3 Ba6 31. g4 Bxc4 32. hxg6+ Kxg6 33. gxf5+
1-0

[Event "Olimpiada de Khanty-Mansiysk 2010"]
[Site "Khanty-Mansiysk RUS"]
[Date "2010.09.27"]
[Round "6"]
[White "Rosenbeiger, Alan"]
[Black "Denny, Kevin"]
[Result "1-0"]
[WhiteElo "2153"]
[BlackElo "2316"]
[PlyCount "93"]
[EventDate "2010.09.21"]
[EventType "team"]
[EventRounds "11"]
[EventCountry "RUS"]
[Source "lmi"]
[SourceDate "2010.09.21"]
[WhiteTeam "Islas del Canal"]
[BlackTeam "Barbados"]
[WhiteTeamCountry "JCI"]
[BlackTeamCountry "BAR"]

1. d4 Nf6 2. c4 g6 3. Nc3 Bg7 4. e4 d6 5. Nf3 O-O 6. Be2 Nbd7 7. O-O e5 8. d5
Nc5 9. Qc2 a5 10. Bg5 h6 11. Be3 b6 12. Nd2 Ng4 13. Bxg4 Bxg4 14. a3 f5 15. f3
Bh5 16. b4 axb4 17. axb4 Nd7 18. Nb5 Rxa1 19. Rxa1 f4 20. Bf2 Nf6 21. Ra7 Rf7
22. Qa2 Bf8 23. c5 bxc5 24. bxc5 g5 25. c6 Rg7 26. Bb6 Ne8 27. Nxc7 Nxc7 28.
Qa5 g4 29. Rxc7 Rxc7 30. Bxc7 Qh4 31. Bd8 Be7 32. Bb6 gxf3 33. Nxf3 Bxf3 34.
gxf3 Qg5+ 35. Kh1 Qh5 36. Qd2 Kf7 37. Qe2 Qh3 38. c7 Ke8 39. Qb5+ Kf7 40. Kg1
Bh4 41. Qa6 Bg3 42. Qe2 Bh4 43. Qg2 Qd7 44. Qg4 Qb5 45. c8=Q Qxb6+ 46. Kg2 Qf2+
47. Kh3 1-0

[Event "Olimpiada de Khanty-Mansiysk 2010"]
[Site "Khanty-Mansiysk RUS"]
[Date "2010.09.27"]
[Round "6"]
[White "Wojciechowski, Paul"]
[Black "Del Castilho, Martyn"]
[Result "0-1"]
[WhiteElo "2101"]
[BlackElo "2218"]
[PlyCount "80"]
[EventDate "2010.09.21"]
[EventType "team"]
[EventRounds "11"]
[EventCountry "RUS"]
[Source "lmi"]
[SourceDate "2010.09.21"]
[WhiteTeam "Islas del Canal"]
[BlackTeam "Barbados"]
[WhiteTeamCountry "JCI"]
[BlackTeamCountry "BAR"]

1. e4 c5 2. Nf3 Nc6 3. d4 cxd4 4. Nxd4 Nf6 5. Nc3 e5 6. Ndb5 d6 7. Bg5 a6 8.
Na3 b5 9. Nd5 Be7 10. Bxf6 Bxf6 11. c3 Bg5 12. Bd3 Ne7 13. Nc2 Nxd5 14. exd5
O-O 15. a4 bxa4 16. Rxa4 a5 17. O-O Bd7 18. Ra2 f5 19. b4 axb4 20. Rxa8 Qxa8
21. Nxb4 Qa3 22. Qe1 e4 23. Be2 Qb2 24. Nc6 Bd2 25. Qb1 Bxc3 26. Qxb2 Bxb2 27.
Rb1 Bf6 28. Rb7 Be8 29. Ne7+ Bxe7 30. Rxe7 Bf7 31. Rd7 Bxd5 32. Rxd6 Bf7 33. g3
Rc8 34. Ba6 Rc1+ 35. Kg2 Bh5 36. Rd2 Bf3+ 37. Kh3 Bg4+ 38. Kg2 Bf3+ 39. Kh3 Rc6
40. Rd8+ Kf7 0-1

[Event "Olimpiada de Khanty-Mansiysk 2010"]
[Site "Khanty-Mansiysk RUS"]
[Date "2010.09.27"]
[Round "6"]
[White "Corbin, Philip"]
[Black "Mazurkiewicz, Marcin"]
[Result "0-1"]
[WhiteElo "2151"]
[BlackElo "2000"]
[PlyCount "148"]
[EventDate "2010.09.21"]
[EventType "team"]
[EventRounds "11"]
[EventCountry "RUS"]
[Source "lmi"]
[SourceDate "2010.09.21"]
[WhiteTeam "Barbados"]
[BlackTeam "Islas del Canal"]
[WhiteTeamCountry "BAR"]
[BlackTeamCountry "JCI"]

1. e4 c5 2. d4 cxd4 3. c3 dxc3 4. Nxc3 d6 5. Bc4 Nc6 6. Nf3 e6 7. O-O Be7 8.
Qe2 a6 9. Rd1 e5 10. Be3 Nf6 11. Rac1 O-O 12. Nd5 Be6 13. Nb6 Nxe4 14. Nxa8
Qxa8 15. Bb6 Nf6 16. Bxe6 fxe6 17. Ng5 Nd5 18. Be3 Bxg5 19. Bxg5 Qe8 20. Be3
Qg6 21. Rc4 Nce7 22. Rg4 Qf5 23. Rg3 Ng6 24. Rf3 Ngf4 25. Qd2 Qg4 26. Bxf4 Nxf4
27. Rxf4 Qxf4 28. Qxf4 Rxf4 29. Rxd6 Rd4 30. Rxd4 exd4 31. Kf1 e5 32. Ke2 Kf7
33. Kd3 g5 34. Ke4 Kf6 35. f3 Kg6 36. g3 Kh5 37. b4 b5 38. a3 Kg6 39. f4 gxf4
40. gxf4 exf4 41. Kxf4 Kh5 42. Ke4 Kh4 43. Kxd4 Kh3 44. Kc5 Kxh2 45. Kb6 Kg3
46. Kxa6 h5 47. Kxb5 h4 48. Ka6 h3 49. b5 h2 50. b6 h1=Q 51. b7 Qc6+ 52. Ka7
Qa4+ 53. Kb6 Qb3+ 54. Kc7 Qc4+ 55. Kb6 Qf4 56. Ka7 Qc7 57. a4 Qa5+ 58. Kb8 Qxa4
59. Kc7 Qf4+ 60. Kc8 Qf8+ 61. Kc7 Qc5+ 62. Kd7 Qb6 63. Kc8 Qc6+ 64. Kb8 Kf4 65.
Ka7 Qc7 66. Ka8 Qa5+ 67. Kb8 Ke5 68. Kc8 Qc5+ 69. Kd7 Qb6 70. Kc8 Qc6+ 71. Kb8
Kd6 72. Ka7 Qa4+ 73. Kb8 Qb4 74. Ka7 Kc7 0-1

[Event "Olimpiada de Khanty-Mansiysk 2010"]
[Site "Khanty-Mansiysk RUS"]
[Date "2010.09.27"]
[Round "6"]
[White "Oatlhotse, Providence"]
[Black "Urbina, Ricardo"]
[Result "1/2-1/2"]
[WhiteElo "2213"]
[BlackElo "2226"]
[PlyCount "107"]
[EventDate "2010.09.21"]
[EventType "team"]
[EventRounds "11"]
[EventCountry "RUS"]
[Source "lmi"]
[SourceDate "2010.09.21"]
[WhiteTeam "Botswana"]
[BlackTeam "Honduras"]
[WhiteTeamCountry "BOT"]
[BlackTeamCountry "HON"]

1. d4 d5 2. c4 c6 3. Nf3 Nf6 4. Nc3 e6 5. Bg5 h6 6. Bxf6 Qxf6 7. e3 Nd7 8. a3
a6 9. Bd3 dxc4 10. Bxc4 b5 11. Bd3 c5 12. O-O Bb7 13. Ne4 Qd8 14. Rc1 Rc8 15.
Qe2 Be7 16. Rfd1 c4 17. Bb1 Nf6 18. Nxf6+ Bxf6 19. e4 O-O 20. Rc3 g6 21. h4 Bg7
22. h5 g5 23. e5 f5 24. exf6 Rxf6 25. Ne5 Rf4 26. Ng6 Rf6 27. Re3 Bd5 28. Ne5
Qc7 29. Ng4 Rf7 30. Bg6 Re7 31. g3 a5 32. Bf5 Qc6 33. Bb1 Rf8 34. Qc2 Rf5 35.
Ne5 Bxe5 36. Rxe5 Ref7 37. Rxf5 exf5 38. Qd2 Qb6 39. Qe1 Bf3 40. Rd2 Qd8 41.
Qe6 Qf6 42. d5 Kg7 43. Qe3 Bxh5 44. d6 f4 45. Qd4 Qxd4 46. Rxd4 Bg4 47. Be4
fxg3 48. fxg3 Bd7 49. a4 bxa4 50. Rxc4 Kf6 51. Rc5 Ke6 52. Rxa5 Kxd6 53. Ra6+
Ke5 54. Bc2 1/2-1/2